[Event "Arco op 46th"]
[Site "Arco"]
[Date "2024.10.07"]
[Round "3"]
[White "Zanchini, Domenico Francesco"]
[Black "Zaupa, James"]
[Result "0-1"]
[WhiteElo "1692"]
[BlackElo "1610"]
[PlyCount "90"]
[EventDate "2024.10.05"]
[EventType "swiss"]
[EventRounds "9"]
[EventCountry "ITA"]
[SourceTitle "CB44_2024"]
[Source "Chessbase"]
[SourceDate "2024.10.30"]
[SourceVersion "1"]
[SourceVersionDate "2024.10.30"]
[SourceQuality "1"]

1. d4 Nf6 2. Nf3 c5 3. c3 e6 4. Bf4 cxd4 5. cxd4 Qb6 6. Qc2 Bb4+ 7. Nbd2 0-0 8. e3 Nc6 9. Bd3 d5 10. a3 Be7 11. 0-0 h6 12. h3 Bd7 13. Qb3 Rfc8 14. Qxb6 axb6 15. Rfc1 Na7 16. Ne5 Bb5 17. Bxb5 Nxb5 18. Ndf3 Nd6 19. Nd2 Kf8 20. f3 Ke8 21. Kf2 Rxc1 22. Rxc1 Rc8 23. Rxc8+ Nxc8 24. g4 g5 25. Bg3 Bd6 26. Nb1 Nd7 27. Nxd7 Kxd7 28. Bxd6 Nxd6 29. b3 Nb5 30. Kg3 f6 31. a4 Nd6 32. Nc3 Kc6 33. f4 b5 34. Kf3 bxa4 35. Nxa4 Ne4 36. b4 b6 37. Nb2 Kb5 38. Nd3 Kc4 39. Ke2 Kc3 40. Nf2 Nxf2 41. Kxf2 Kxb4 42. Ke2 Kc3 43. f5 exf5 44. gxf5 b5 45. Kd1 Kd3 0-1

[Event "Arco op 45th"]
[Site "Arco"]
[Date "2023.10.14"]
[Round "8"]
[White "De Simone Sorrentino, Fabio"]
[Black "Zaupa, James"]
[Result "0-1"]
[WhiteElo "1534"]
[BlackElo "1307"]
[PlyCount "88"]
[EventDate "2023.10.07"]
[EventType "swiss"]
[EventRounds "9"]
[EventCountry "ITA"]
[SourceTitle "CBM 216 Extra"]
[Source "ChessBase"]
[SourceDate "2023.11.30"]
[SourceVersion "1"]
[SourceVersionDate "2023.11.30"]
[SourceQuality "1"]

1. e4 d5 2. exd5 Qxd5 3. Nc3 Qd6 4. Nf3 Nf6 5. Bc4 c6 6. h3 Bf5 7. 0-0 e6 8. Re1 Nbd7 9. d3 Be7 10. Ng5 h5 11. Nge4 Nxe4 12. Nxe4 Bxe4 13. dxe4 Qxd1 14. Rxd1 0-0-0 15. Bf4 Nb6 16. Be2 g6 17. Bd3 Nd7 18. Be3 Nc5 19. Be2 Rxd1+ 20. Rxd1 Nxe4 21. Bxa7 Bc5 22. Bxc5 Nxc5 23. b3 Rd8 24. Rxd8+ Kxd8 25. f3 Ke7 26. Kf2 Kd6 27. Ke3 Nd7 28. Kf4 b5 29. c4 b4 30. g4 hxg4 31. fxg4 Ke7 32. h4 f6 33. h5 g5+ 34. Ke4 c5 35. Bf3 Ne5 36. Be2 Kf7 37. Bd1 Kg7 38. Be2 Kh6 39. Bd1 Nxg4 40. Bxg4 f5+ 41. Bxf5 exf5+ 42. Kxf5 Kxh5 43. Ke4 g4 44. Ke3 Kh4 0-1

[Event "Arco op 45th"]
[Site "Arco"]
[Date "2023.10.08"]
[Round "2"]
[White "Gheser, Amir"]
[Black "Zaupa, James"]
[Result "0-1"]
[WhiteElo "1702"]
[BlackElo "1307"]
[PlyCount "110"]
[EventDate "2023.10.07"]
[EventType "swiss"]
[EventRounds "9"]
[EventCountry "ITA"]
[SourceTitle "CBM 216 Extra"]
[Source "ChessBase"]
[SourceDate "2023.11.30"]
[SourceVersion "1"]
[SourceVersionDate "2023.11.30"]
[SourceQuality "1"]

1. e4 c6 2. d4 d5 3. Nc3 dxe4 4. Nxe4 Nf6 5. Nxf6+ exf6 6. c3 Bd6 7. Bd3 0-0 8. Ne2 Re8 9. 0-0 Nd7 10. Ng3 Nf8 11. f4 Qc7 12. f5 c5 13. Nh5 Qd8 14. d5 Nd7 15. Qg4 Bf8 16. Nxg7 Ne5 17. Qg3 Bxg7 18. Bh6 Ng6 19. fxg6 hxg6 20. Bxg7 Kxg7 21. c4 Re5 22. Rae1 Qe7 23. Rxe5 Qxe5 24. Qf2 b6 25. Re1 Qd6 26. Qg3 Qxg3 27. hxg3 Kf8 28. Be4 Bd7 29. Bf3 Re8 30. Rd1 Re5 31. Kf2 Ke7 32. a3 Kd6 33. Rh1 Ba4 34. Rc1 a5 35. Rc3 Bd7 36. Re3 Rxe3 37. Kxe3 Ke5 38. Be2 f5 39. Kd3 f4 40. g4 g5 41. b3 f5 42. gxf5 Bxf5+ 43. Kc3 g4 44. Kd2 g3 45. Ke1 Be4 46. Bf3 Bc2 47. Kd2 Bxb3 48. Kc3 Ba4 49. Bg4 b5 50. Bf3 b4+ 51. axb4 axb4+ 52. Kd3 Bd7 53. Kc2 Bf5+ 54. Kb3 Bd3 55. Bg4 Be4 0-1

[Event "Lesa Lago Maggiore op"]
[Site "Lesa"]
[Date "2023.05.05"]
[Round "1"]
[White "Sampietro, Stefano"]
[Black "Zaupa, James"]
[Result "1/2-1/2"]
[WhiteElo "1707"]
[BlackElo "1224"]
[PlyCount "58"]
[EventDate "2023.05.05"]
[EventType "swiss"]
[EventRounds "5"]
[EventCountry "ITA"]
[SourceTitle "EXT 2024"]
[Source "ChessBase"]
[SourceDate "2023.10.10"]
[SourceVersion "1"]
[SourceVersionDate "2023.10.10"]
[SourceQuality "1"]

1. e4 c6 2. d4 d5 3. e5 c5 4. dxc5 Nc6 5. f4 e6 6. Be3 Qa5+ 7. c3 Nge7 8. b4 Qd8 9. Bd3 a6 10. Qf3 g6 11. Ne2 Bg7 12. 0-0 0-0 13. Ng3 f6 14. exf6 Bxf6 15. Qd1 Nxb4 16. Bd4 Bxd4+ 17. cxd4 Nxd3 18. Qxd3 Nc6 19. Nd2 Bd7 20. Rab1 Rb8 21. Ne2 Ne7 22. Nf3 Nf5 23. Rfe1 Qa5 24. Ne5 Bb5 25. Qd1 Ne7 26. Qc2 Qc7 27. Qd2 Bxe2 28. Rxe2 Nc6 29. Nf3 Qxf4 1/2-1/2

[Event "Piacenza Region-ch"]
[Site "Piacenza"]
[Date "2023.01.14"]
[Round "2"]
[White "De Joannon, Giulio"]
[Black "Zaupa, James"]
[Result "0-1"]
[WhiteElo "1277"]
[BlackElo "1123"]
[PlyCount "76"]
[EventDate "2023.01.13"]
[EventType "swiss"]
[EventRounds "5"]
[EventCountry "ITA"]
[SourceTitle "CBM 212 Extra"]
[Source "ChessBase"]
[SourceDate "2023.03.31"]
[SourceVersion "1"]
[SourceVersionDate "2023.03.31"]
[SourceQuality "1"]

1. d4 g6 2. Nf3 Bg7 3. e3 Nf6 4. Be2 0-0 5. 0-0 d6 6. b4 Nbd7 7. c3 Re8 8. Nbd2 Nd5 9. Qb3 c6 10. a4 Nc7 11. Ba3 e5 12. Rfc1 e4 13. Ne1 d5 14. c4 Nf6 15. b5 Bg4 16. Bxg4 Nxg4 17. h3 Nf6 18. bxc6 bxc6 19. cxd5 cxd5 20. Qc3 Rc8 21. Qa5 a6 22. Rc6 Re6 23. Rac1 Rxc6 24. Rxc6 Nfe8 25. Nc2 Qd7 26. Qb6 Na8 27. Qb4 Rxc6 28. Qb2 Qc7 29. Bc5 Bf8 30. Nb3 Nf6 31. Nb4 Bxc5 32. Nxc5 Rb6 33. Ncxa6 Qc4 34. a5 Rb5 35. Qa3 Nc7 36. g3 Nxa6 37. Nxa6 Rb3 38. Qd6 Rb1+ 0-1